[Event "Online Olym Div4 B 2020"]
[Site "chess.com INT"]
[Date "2020.08.02"]
[Round "8.2"]
[Board "3"]
[White "Alawadhi, Amenah"]
[Black "Ioannides Liu, Alice"]
[Result "1-0"]
[WhiteTitle "WCM"]
[WhiteElo "1327"]
[BlackElo "1287"]
[WhiteTeam "Kuwait"]
[BlackTeam "Cyprus"]
[WhiteFideId "10301100"]
[BlackFideId "5904374"]
[EventDate "2020.07.31"]
[EventType "team"]

1. d4 Nf6 2. Bf4 d5 3. Nf3 Bf5 4. e3 e6 5. Bd3 Bg6 6. Ne5 Nbd7 7. Nxg6 hxg6 8.
Nd2 Nh5 9. Qf3 Nxf4 10. Qxf4 Bd6 11. Qg4 Rh4 12. Qe2 Rxh2 13. Rxh2 Bxh2 14. Nf3
Bd6 15. O-O-O Qf6 16. e4 Qf4+ 17. Kb1 O-O-O 18. Rh1 c5 19. Rh4 Qf6 20. e5 Qe7
21. exd6 Qxd6 22. Ng5 Qe7 23. Qg4 cxd4 24. Nf3 e5 25. Bb5 f5 26. Bxd7+ Rxd7 27.
Rh8+ Kc7 28. Qxg6 f4 29. Re8 Qf6 30. Nxe5 Qxg6 31. Nxg6 Kc6 32. Nxf4 Kc5 33.
Nd3+ Kd6 34. b3 a6 35. f4 Rf7 36. Rd8+ Kc6 37. Ne5+ Kc7 38. Nxf7 Kc6 39. Rg8 1-0

[Event "Online Olym Div4 B 2020"]
[Site "chess.com INT"]
[Date "2020.08.02"]
[Round "8.2"]
[Board "4"]
[White "Sokolova, Larisa"]
[Black "Almutawaa, Salma"]
[Result "1-0"]
[WhiteElo "1642"]
[BlackElo "1009"]
[WhiteTeam "Cyprus"]
[BlackTeam "Kuwait"]
[WhiteFideId "5904919"]
[BlackFideId "10302867"]
[EventDate "2020.07.31"]
[EventType "team"]

1. e4 e6 2. d4 d5 3. exd5 exd5 4. Nc3 Nf6 5. Nf3 c5 6. dxc5 Bxc5 7. Bb5+ Nc6 8.
O-O O-O 9. Bg5 Be7 10. Nd4 Nxd4 11. Qxd4 Be6 12. Rad1 h6 13. Bh4 Bd6 14. Bxf6
gxf6 15. Nxd5 Bxd5 16. Qxd5 Qb6 17. Bd3 Rad8 18. Qf5 Qxb2 19. Qh7# 1-0

[Event "Online Olym Div4 B 2020"]
[Site "chess.com INT"]
[Date "2020.08.02"]
[Round "8.2"]
[Board "5"]
[White "Alothman, Salem"]
[Black "Hadjinicolaou, Andreas"]
[Result "1/2-1/2"]
[WhiteElo "1558"]
[BlackElo "1710"]
[WhiteTeam "Kuwait"]
[BlackTeam "Cyprus"]
[WhiteFideId "10301186"]
[BlackFideId "5901103"]
[EventDate "2020.07.31"]
[EventType "team"]

1. e4 c5 2. Nf3 Nc6 3. d4 cxd4 4. Nxd4 g6 5. c4 Nf6 6. Nc3 Nxd4 7. Qxd4 d6 8.
Be2 Bg7 9. O-O O-O 10. Qd1 a5 11. Be3 Be6 12. Rc1 a4 13. f3 Qa5 14. Nd5 Nxd5 15.
exd5 Bf5 16. Bd4 Rfc8 17. Bxg7 Kxg7 18. Qd4+ Kg8 19. Bd3 Bxd3 20. Qxd3 Qb6+ 21.
Rf2 Qc5 22. Qc2 a3 23. b3 Rc7 24. Kh1 Rac8 25. Re2 b5 26. Qd3 Qb4 27. Rec2 bxc4
28. bxc4 Qc5 29. Rb1 Qa7 30. Rb3 Rb8 31. Rxb8+ Qxb8 32. Qxa3 Qb1+ 33. Rc1 Qb6
34. h3 Ra7 35. Qb3 Qc5 36. a4 Qa5 37. Ra1 Qa6 38. Qb5 Qc8 39. a5 Rb7 40. Qc6 Qb8
41. a6 Rb1+ 42. Rxb1 Qxb1+ 43. Kh2 Qc1 44. Qe8+ Kg7 45. Qxe7 Qf4+ 46. Kg1 Qd4+
47. Kh1 Qd1+ 48. Kh2 Qd4 49. Qxd6 Qxc4 50. a7 Qa4 51. Qc6 Qxa7 52. d6 Qd4 53. d7
Qe5+ 54. Kh1 Qe1+ 55. Kh2 Qe5+ 56. Kh1 Qe1+ 57. Kh2 Qe5+ 1/2-1/2

[Event "Online Olym Div4 B 2020"]
[Site "chess.com INT"]
[Date "2020.08.02"]
[Round "8.3"]
[Board "1"]
[White "Nduwayesu, Maranatha"]
[Black "Paiva, Donaldo"]
[Result "0-1"]
[BlackTitle "CM"]
[WhiteElo "1829"]
[BlackElo "2230"]
[WhiteTeam "Rwanda"]
[BlackTeam "Mozambique"]
[WhiteFideId "16001109"]
[BlackFideId "14800098"]
[EventDate "2020.07.31"]
[EventType "team"]

1. e4 c5 2. d3 Nc6 3. Nd2 g6 4. g3 Bg7 5. Bg2 e6 6. f4 Nge7 7. Ngf3 d6 8. O-O b5
9. c3 Rb8 10. h3 b4 11. Qc2 bxc3 12. bxc3 O-O 13. Bb2 Ba6 14. Rfd1 Qa5 15. Nb3
Qa4 16. c4 f6 17. Bc3 Rb6 18. Qd2 Bh6 19. h4 e5 20. Bh3 Bc8 21. Kh2 f5 22. Ng5
Nd4 23. Bxd4 exd4 24. exf5 Bxg5 25. hxg5 Nxf5 26. Bxf5 Bxf5 27. Qe2 Qd7 28. Re1
Rbb8 29. Qf3 Rfe8 30. Qd5+ Kg7 31. Rad1 Re7 32. Qh1 Rbe8 33. Qg1 Re2+ 34. Kh1
Qb7+ 0-1

[Event "Online Olym Div4 B 2020"]
[Site "chess.com INT"]
[Date "2020.08.02"]
[Round "8.3"]
[Board "2"]
[White "Abrantes, Persson"]
[Black "Munyurangabo, Ronjin"]
[Result "1-0"]
[WhiteTitle "CM"]
[WhiteElo "2018"]
[BlackElo "1725"]
[WhiteTeam "Mozambique"]
[BlackTeam "Rwanda"]
[WhiteFideId "14800063"]
[BlackFideId "16000617"]
[EventDate "2020.07.31"]
[EventType "team"]

1. e4 c5 2. Nf3 Nc6 3. Nc3 d6 4. h3 e5 5. g3 Nge7 6. Bg2 g6 7. d3 Bg7 8. Bg5 f6
9. Be3 Be6 10. O-O O-O 11. Qd2 Nd4 12. Nh2 Qd7 13. g4 g5 14. Nd1 Bf7 15. c3 Ne6
16. d4 cxd4 17. cxd4 exd4 18. Bxd4 Nf4 19. Nf3 Nxg2 20. Kxg2 Ng6 21. Ne3 Nf4+
22. Kh2 h5 23. Nf5 hxg4 24. hxg4 Bg6 25. Be3 Bxf5 26. exf5 Qc6 27. Kg3 Bh6 28.
Rh1 Kg7 29. Rxh6 Kxh6 30. Bxf4 gxf4+ 31. Qxf4+ Kg7 32. Nd4 Qd5 33. Ne6+ Kf7 34.
Re1 Rh8 35. g5 fxg5 36. Nxg5+ Kf8 37. Re6 Rd8 38. Rf6+ Ke7 39. Rf7+ Qxf7 40.
Nxf7 Kxf7 41. Qc4+ d5 42. Qc7+ Ke8 43. f6 Rd7 44. Qc8+ Rd8 45. Qe6+ Kf8 46. Qe7+
Kg8 47. Qg7# 1-0

[Event "Online Olym Div4 B 2020"]
[Site "chess.com INT"]
[Date "2020.08.02"]
[Round "8.3"]
[Board "3"]
[White "Uwamahoro, Christelle"]
[Black "Vilhete, Vania Fausto Da T."]
[Result "0-1"]
[WhiteTitle "WCM"]
[BlackTitle "WIM"]
[WhiteElo "1209"]
[BlackElo "1799"]
[WhiteTeam "Rwanda"]
[BlackTeam "Mozambique"]
[WhiteFideId "16000722"]
[BlackFideId "14800144"]
[EventDate "2020.07.31"]
[EventType "team"]

1. e4 c5 2. Bc4 e6 3. Nf3 d5 4. exd5 exd5 5. Bb3 Nf6 6. c3 Nc6 7. d4 Be7 8. Bg5
cxd4 9. cxd4 O-O 10. O-O Bg4 11. h3 Bh5 12. g4 Bg6 13. Re1 h6 14. Be3 Rc8 15.
Nc3 Bb4 16. Rc1 Re8 17. Re2 a6 18. g5 hxg5 19. Nxg5 Bh5 20. f3 Qd7 21. Qf1 Ne7
22. Rce1 Nf5 23. Qf2 Bd6 24. Bxd5 Bg3 25. Qf1 Bxe1 26. Qxe1 Nxd5 27. Nxd5 Qxd5
28. Rf2 Nxe3 29. f4 Ng4 30. Qf1 Nxf2 31. Qxf2 Rc1+ 32. Kh2 Re2 0-1

[Event "Online Olym Div4 B 2020"]
[Site "chess.com INT"]
[Date "2020.08.02"]
[Round "8.3"]
[Board "5"]
[White "Murara Urwintwari, Ian"]
[Black "Farisse, Joao"]
[Result "1-0"]
[WhiteElo "1680"]
[BlackElo "1574"]
[WhiteTeam "Rwanda"]
[BlackTeam "Mozambique"]
[WhiteFideId "16000145"]
[BlackFideId "14800730"]
[EventDate "2020.07.31"]
[EventType "team"]

1. c4 e5 2. Nc3 Nf6 3. g3 Be7 4. Bg2 O-O 5. e4 d6 6. Nge2 Nc6 7. O-O Be6 8. d3
Qd7 9. f4 Bh3 10. f5 Bxg2 11. Kxg2 Nd8 12. h3 c6 13. g4 h6 14. d4 exd4 15. Qxd4
c5 16. Qf2 Nc6 17. b3 Ne5 18. Nf4 a6 19. Bb2 b5 20. cxb5 axb5 21. Rfe1 b4 22.
Ncd5 Nxd5 23. Nxd5 Nd3 24. Qd2 Nxe1+ 25. Qxe1 Bd8 26. f6 g6 27. Qh4 Qe6 28. Qxh6
Qxe4+ 29. Kg3 Qd3+ 30. Ne3 Bxf6 31. Bxf6 Qxe3+ 32. Qxe3 Kh7 33. Qg5 1-0

[Event "Online Olym Div4 B 2020"]
[Site "chess.com INT"]
[Date "2020.08.02"]
[Round "8.4"]
[Board "1"]
[White "Nezad, Husein Aziz"]
[Black "Salman Ali Khan"]
[Result "1-0"]
[WhiteTitle "IM"]
[WhiteElo "2386"]
[BlackElo "1681"]
[WhiteTeam "Qatar"]
[BlackTeam "Pakistan"]
[WhiteFideId "12100293"]
[BlackFideId "7803176"]
[EventDate "2020.07.31"]
[EventType "team"]

1. Nf3 d5 2. e3 Nf6 3. c4 c6 4. Nc3 e6 5. b3 Bd6 6. Bb2 Nbd7 7. Qc2 O-O 8. d4 a5
9. Bd3 e5 10. cxd5 cxd5 11. dxe5 Nxe5 12. Nxe5 Bxe5 13. Ne2 Qe7 14. O-O Bd7 15.
Bxe5 Qxe5 16. Nd4 Rfc8 17. Qd2 Be6 18. f3 h5 19. Rac1 Bd7 20. Rfe1 Rxc1 21. Rxc1
Re8 22. Re1 b6 23. h4 Qg3 24. Qf2 Qe5 25. a4 Rc8 26. Rd1 Re8 27. Re1 Rc8 28. Bf1
Rc3 29. Qd2 Qc7 30. Bb5 Rc5 31. Bd3 Qg3 32. Qf2 Qe5 33. Rd1 Rc8 34. Ba6 Re8 35.
Rc1 Qxe3 36. Qxe3 Rxe3 37. Kf2 Re8 38. Rc7 Rb8 39. Ke3 Kf8 40. Ra7 g6 41. Kf4
Ke8 42. Ke5 Nh7 43. Bb7 g5 44. hxg5 Nxg5 45. Bxd5 h4 46. Kf6 Nh7+ 47. Kg7 Ng5
48. Kf6 Nh7+ 49. Ke5 Ng5 50. f4 Nh7 51. Bxf7+ Kxf7 52. Rxd7+ Kg8 53. Ne6 Nf8 54.
Nxf8 Rxf8 55. Rd6 Re8+ 56. Re6 Rb8 57. Rh6 b5 58. Rxh4 bxa4 59. bxa4 Rb4 60. g4
Rxa4 61. Rh6 Kf7 62. Ra6 Ra1 63. Kf5 a4 64. Ra7+ Kf8 65. g5 a3 66. Kf6 Ke8 67.
f5 a2 68. Ra8+ Kd7 69. g6 1-0

[Event "Online Olym Div4 B 2020"]
[Site "chess.com INT"]
[Date "2020.08.02"]
[Round "8.5"]
[Board "1"]
[White "Wanyama, Harold"]
[Black "Borg, Geoffrey"]
[Result "1/2-1/2"]
[WhiteTitle "FM"]
[BlackTitle "FM"]
[WhiteElo "2312"]
[BlackElo "2367"]
[WhiteTeam "Uganda"]
[BlackTeam "Malta"]
[WhiteFideId "10000380"]
[BlackFideId "5600014"]
[EventDate "2020.07.31"]
[EventType "team"]

1. d4 g6 2. c4 Bg7 3. Nc3 c5 4. Nf3 cxd4 5. Nxd4 Nc6 6. e3 Nf6 7. Be2 O-O 8. O-O
d5 9. Nxc6 bxc6 10. Bf3 Ba6 11. Be2 Bxc4 12. Bxc4 dxc4 13. Qa4 Nd5 14. Qxc4 Nxc3
15. bxc3 Qd5 16. Qxd5 cxd5 17. Bd2 Rfc8 18. Rfc1 Rc7 19. Rab1 Rac8 20. Rb3 e6
21. Kf1 a5 22. Ke2 a4 23. Rb4 Bxc3 24. Rxa4 Bxd2 25. Rxc7 Rxc7 26. Kxd2 Kf8 1/2-1/2

[Event "Online Olym Div4 B 2020"]
[Site "chess.com INT"]
[Date "2020.08.02"]
[Round "8.5"]
[Board "2"]
[White "Darmanin, Jake"]
[Black "Kimera, Innocent"]
[Result "1/2-1/2"]
[WhiteTitle "CM"]
[WhiteElo "2078"]
[BlackElo "1857"]
[WhiteTeam "Malta"]
[BlackTeam "Uganda"]
[WhiteFideId "5601061"]
[BlackFideId "10000631"]
[EventDate "2020.07.31"]
[EventType "team"]

1. e4 d5 2. exd5 Qxd5 3. Nc3 Qd8 4. d4 c6 5. Bc4 Nf6 6. Nf3 e6 7. Qe2 b5 8. Bb3
a6 9. Bg5 Be7 10. O-O h6 11. Bh4 O-O 12. Rad1 Qc7 13. Ne5 Nbd7 14. Ng6 Re8 15.
Nxe7+ Rxe7 16. d5 Re8 17. dxe6 fxe6 18. Bg3 Qb6 19. Rd6 Nc5 20. Qe3 Qa7 21. Rxc6
Nxb3 22. Qxa7 Rxa7 23. axb3 b4 24. Na4 Bd7 25. Rb6 Bb5 26. Rd1 Nd5 27. Rd6 Bxa4
28. bxa4 a5 29. Re1 Kf7 30. h4 h5 31. Re4 Ree7 32. Rc6 Nf6 33. Rec4 Red7 34. f3
Rd1+ 35. Kh2 Nd5 36. Bf2 Rd7 37. Re4 Rd2 38. Bg3 Ne7 39. Rc5 R7d5 40. Re5 Rxe5
41. Bxe5 Rd5 42. Rxd5 Nxd5 43. c3 b3 44. Bd4 g6 45. Kg3 Ne7 46. Kf4 Nf5 47. Kg5
Nd6 48. c4 Nxc4 49. Bc3 e5 50. g4 hxg4 51. fxg4 Kg7 52. h5 gxh5 53. gxh5 Kh7 54.
h6 e4 55. Kf4 Kxh6 56. Kxe4 Nb6 57. Bxa5 Nxa4 58. Bd2+ Kg6 59. Bc1 Nxb2 60. Bxb2
Kg5 61. Kd4 Kf5 62. Kc4 Ke4 63. Kxb3 1/2-1/2

[Event "Online Olym Div4 B 2020"]
[Site "chess.com INT"]
[Date "2020.08.02"]
[Round "8.5"]
[Board "3"]
[White "Ampaire, Shakira"]
[Black "Caruana Pulpan, Oana"]
[Result "0-1"]
[WhiteTitle "WCM"]
[BlackTitle "WFM"]
[WhiteElo "1673"]
[BlackElo "1901"]
[WhiteTeam "Uganda"]
[BlackTeam "Malta"]
[WhiteFideId "10002782"]
[BlackFideId "5600502"]
[EventDate "2020.07.31"]
[EventType "team"]

1. e4 c5 2. Nf3 Nc6 3. Bb5 Nd4 4. Nxd4 cxd4 5. O-O a6 6. Bc4 b5 7. Bd5 Rb8 8. a3
Nf6 9. Ba2 Nxe4 10. d3 Nf6 11. Re1 e6 12. Nd2 Be7 13. Nf3 Qb6 14. b4 d6 15. Bb2
e5 16. Re2 Bg4 17. Rd2 O-O 18. h3 Bh5 19. g4 Bg6 20. Nh4 Qc6 21. Nxg6 hxg6 22.
f3 Nd5 23. Bxd5 Qxd5 24. c4 dxc3 25. Bxc3 Rbc8 26. Bb2 Bg5 27. Rg2 Bf4 28. d4
Be3+ 29. Kh1 exd4 30. h4 Qe5 31. Bc1 Bxc1 32. Rxc1 Rxc1 33. Qxc1 Qe3 34. Qxe3
dxe3 35. Kg1 d5 36. Kf1 d4 37. Ke2 Rc8 38. Kd3 Re8 39. Re2 Rd8 40. Rc2 Re8 41.
Re2 Rd8 42. Rc2 Kf8 43. Rc6 Re8 44. Rc2 f5 45. gxf5 gxf5 46. f4 Kf7 47. h5 Kg8
48. Rc1 Kh7 49. Kxd4 e2 50. Re1 Kh6 51. Kd3 Kxh5 52. Rxe2 Rxe2 53. Kxe2 Kg4 54.
Ke3 Kg3 55. Kd4 Kxf4 56. Kc5 g5 57. Kb6 g4 58. Kxa6 g3 59. Kxb5 g2 60. a4 g1=Q
61. a5 Qa7 62. a6 Ke4 63. Ka5 Qc7+ 64. Kb5 Kd4 65. Ka4 f4 66. b5 Qb6 67. Kb4 f3 0-1

[Event "Online Olym Div4 B 2020"]
[Site "chess.com INT"]
[Date "2020.08.02"]
[Round "8.5"]
[Board "4"]
[White "Mazkevich, Elena"]
[Black "Nakabo, Peninah"]
[Result "1-0"]
[WhiteElo "1686"]
[BlackElo "1730"]
[WhiteTeam "Malta"]
[BlackTeam "Uganda"]
[WhiteFideId "5603315"]
[BlackFideId "10004556"]
[EventDate "2020.07.31"]
[EventType "team"]

1. d4 Nf6 2. c4 c5 3. d5 d6 4. Nc3 g6 5. e4 Nbd7 6. f4 Bg7 7. Nf3 O-O 8. Bd3 Re8
9. O-O Nb6 10. e5 Nfd7 11. Re1 Nf8 12. a4 a5 13. Nb5 dxe5 14. fxe5 Bg4 15. Bf4
e6 16. d6 Nbd7 17. Nc7 Rb8 18. Nxe8 Qxe8 19. h3 Bxf3 20. Qxf3 Qc8 21. Rad1 Nb6
22. b3 Nfd7 23. Rd2 Ra8 24. Rf2 f5 25. exf6 Nxf6 26. Bg5 Ne8 27. Qf7+ Kh8 28.
Rxe6 Qd7 29. Qxd7 Nxd7 30. Rfe2 Nef6 31. Re7 b6 32. Bxf6 Nxf6 33. Rb7 Nh5 34.
Ree7 Rf8 35. d7 Bd4+ 36. Kh2 Bf6 37. Re8 Kg7 38. d8=Q+ Rf7 39. Rg8+ Kh6 40. Qd5
Re7 41. Rxe7 Bxe7 42. Qf3 Bg5 43. g4 Nf6 44. Rf8 Nd7 45. Re8 Nf6 46. Rf8 Nd7 47.
Rg8 Nf6 48. Ra8 Kg7 49. Qb7+ Kh6 50. Ra7 Bf4+ 51. Kg2 Kg5 52. Kf3 h5 53. gxh5
gxh5 54. Qxb6 Be5 55. Rg7+ Kh4 56. Qd8 Kxh3 57. Rf7 Ng4 58. Bf5 Bd4 59. Bxg4+
hxg4+ 60. Ke4 g3 61. Rh7+ Kg2 62. Qg5 Bf2 63. Qh5 Kf1 64. Qh1+ Ke2 65. Qg2 Kd2
66. Rg7 Kc3 67. Rxg3+ Bxg3 68. Qxg3+ Kb4 1-0

[Event "Online Olym Div4 B 2020"]
[Site "chess.com INT"]
[Date "2020.08.02"]
[Round "8.5"]
[Board "5"]
[White "Nyola Wasswa Mark"]
[Black "Mizzi, Jack"]
[Result "0-1"]
[WhiteElo "1680"]
[BlackElo "1911"]
[WhiteTeam "Uganda"]
[BlackTeam "Malta"]
[WhiteFideId "10007660"]
[BlackFideId "5602521"]
[EventDate "2020.07.31"]
[EventType "team"]

1. e4 c6 2. d3 d5 3. Nd2 e5 4. Ngf3 Nd7 5. g3 Ngf6 6. Bg2 Bc5 7. O-O O-O 8. h3
Re8 9. Qe2 Bd6 10. a4 Nf8 11. c3 Ng6 12. Re1 b6 13. c4 Ba6 14. Nf1 d4 15. N1h2
h6 16. Bd2 Bb7 17. Reb1 a5 18. Ne1 Nd7 19. h4 Nc5 20. b3 Bc8 21. h5 Nf8 22. f4
exf4 23. gxf4 Qh4 24. Qf3 Bd7 25. Nc2 Nfe6 26. e5 Bc7 27. Ra2 Rf8 28. Rab2 f6
29. f5 Ng5 30. Bxg5 hxg5 31. b4 axb4 32. Nxb4 fxe5 33. Nxc6 e4 34. Ne7+ Kh7 35.
Qh3 Qxh3 36. Bxh3 Nxd3 37. Re2 Nf4 38. Rxe4 Nxh3+ 39. Kg2 Nf4+ 40. Kg1 Bxf5 41.
Nxf5 Rxf5 42. Ng4 Bd6 43. Rxb6 Bc5 44. Rb7 d3+ 45. Kh2 d2 46. Rd7 Nd5 47. Nf6+
Nxf6 0-1

[Event "Online Olym Div4 B 2020"]
[Site "chess.com INT"]
[Date "2020.08.02"]
[Round "8.5"]
[Board "6"]
[White "Stagno, Milena"]
[Black "Nakanyike, Maria"]
[Result "0-1"]
[BlackTitle "WCM"]
[WhiteElo "1486"]
[BlackElo "1426"]
[WhiteTeam "Malta"]
[BlackTeam "Uganda"]
[WhiteFideId "5602289"]
[BlackFideId "10004386"]
[EventDate "2020.07.31"]
[EventType "team"]

1. e4 e5 2. Nf3 Nc6 3. d4 d6 4. dxe5 dxe5 5. Qxd8+ Kxd8 6. Nc3 Nf6 7. Bb5 Bd6 8.
Bg5 Bd7 9. O-O-O a6 10. Bxc6 Bxc6 11. Nxe5 Ke8 12. Nxc6 bxc6 13. Rhe1 Be7 14.
Bxf6 Bxf6 15. e5 Be7 16. f4 Rf8 17. g3 Rb8 18. Rd4 Bc5 19. Rc4 Bf2 20. Re2 Bb6
21. Rxc6 Rd8 22. Rd2 Be3 23. Ne4 Bxd2+ 24. Nxd2 Kd7 25. Rxa6 Ra8 26. Rxa8 Rxa8
27. a3 Ke6 28. Nf1 Kf5 29. Ne3+ Ke4 30. Kd2 Rd8+ 31. Ke2 Rb8 32. b4 Ra8 33. Nc4
Kd4 34. Na5 Kc3 35. Kd1 Kb2 36. Nc4+ Kc3 37. Na5 Rd8+ 38. Kc1 Rd2 39. Nc6 Rxc2+
40. Kd1 Rxh2 41. a4 Kc4 42. a5 Kb5 43. Nd8 Kxb4 44. a6 Ra2 45. a7 Kb5 46. Nxf7
Rxa7 47. Ng5 h6 48. Ne6 g6 49. g4 Kc6 50. Nf8 g5 51. fxg5 hxg5 52. Ne6 Ra4 53.
Nxg5 Rxg4 54. Nf3 Re4 55. Kd2 Kd5 56. Kd3 c5 57. Kd2 c4 58. Kc2 Re3 59. Nd2 Rxe5
60. Kc1 c3 61. Nb3 Re1+ 62. Kc2 Kc4 63. Na5+ Kb5 64. Nb3 Kb4 65. Nd4 Rh1 66.
Nc6+ Kc4 67. Ne5+ Kd5 68. Nd3 Kd4 69. Nf4 Rh2+ 70. Kc1 c2 71. Ne6+ Kc3 72. Nf4
Rh1# 0-1

[Event "Online Olym Div4 B 2020"]
[Site "chess.com INT"]
[Date "2020.08.02"]
[Round "9.1"]
[Board "1"]
[White "Borg, Geoffrey"]
[Black "Beukes, Dante M"]
[Result "1-0"]
[WhiteTitle "FM"]
[BlackTitle "IM"]
[WhiteElo "2367"]
[BlackElo "2206"]
[WhiteTeam "Malta"]
[BlackTeam "Namibia"]
[WhiteFideId "5600014"]
[BlackFideId "15200540"]
[EventDate "2020.07.31"]
[EventType "team"]

1. d4 Nf6 2. c4 g6 3. Nc3 Bg7 4. e4 d6 5. f4 O-O 6. Nf3 c5 7. dxc5 Qa5 8. Bd3
Qxc5 9. Qe2 Nc6 10. Be3 Qa5 11. O-O Ng4 12. Bd2 Qb6+ 13. Kh1 e6 14. h3 Nf6 15.
Be3 Qd8 16. Rad1 Qe7 17. Qf2 Nd7 18. Bb1 a6 19. Qd2 Na5 20. b3 Nf6 21. Na4 Nc6
22. Qxd6 Nh5 23. Kh2 Qxd6 24. Rxd6 Bh6 25. Nb6 Rb8 26. g3 Re8 27. e5 Bf8 28.
Rdd1 Bh6 29. Be4 Ne7 30. Bc5 Bf8 31. Bd6 Nd5 32. cxd5 Bxd6 33. exd6 1-0

[Event "Online Olym Div4 B 2020"]
[Site "chess.com INT"]
[Date "2020.08.02"]
[Round "9.1"]
[Board "2"]
[White "Boois Ivan"]
[Black "Darmanin, Jake"]
[Result "1/2-1/2"]
[BlackTitle "CM"]
[WhiteElo "1630"]
[BlackElo "2078"]
[WhiteTeam "Namibia"]
[BlackTeam "Malta"]
[WhiteFideId "15205983"]
[BlackFideId "5601061"]
[EventDate "2020.07.31"]
[EventType "team"]

1. c4 Nf6 2. Nc3 d5 3. cxd5 Nxd5 4. g3 g6 5. Bg2 Nxc3 6. bxc3 Bg7 7. Nf3 O-O 8.
O-O e5 9. Bb2 e4 10. Nd4 c5 11. Nc2 Re8 12. d4 exd3 13. exd3 Nc6 14. Ne3 Ne5 15.
d4 cxd4 16. cxd4 Nc6 17. Nc2 Bf5 18. Rb1 Bxc2 19. Qxc2 Nxd4 20. Bxd4 Qxd4 21.
Rxb7 Rac8 22. Qb3 Rf8 23. Rd1 Qc5 24. Rdd7 Qf5 25. Bd5 Rc1+ 26. Kg2 Rc2 27. Qf3
Qxf3+ 28. Kxf3 Bd4 29. Ke4 Ba1 30. Rxf7 Rxf7 31. Rxf7 Re2+ 32. Kd3 Re8 33. Re7+
Kf8 34. Rxh7 Re5 35. Bb3 a5 36. f4 Rc5 37. Ra7 Bc3 38. Bc4 Bb4 39. a4 g5 40. Bb5
gxf4 41. gxf4 Rh5 42. Ra8+ Ke7 43. Ke4 Rxh2 44. Kf5 Rf2 45. Re8+ Kf7 46. Re4 Bd6
47. Bc4+ Kf8 48. Bb5 Kf7 49. Be8+ Kf8 50. Bg6 Kg7 51. Be8 Kf8 52. Kg4 Rxf4+ 53.
Rxf4+ Bxf4 54. Kxf4 Kxe8 55. Ke5 Kd7 56. Kd5 Kc7 57. Kc5 Kb7 58. Kb5 Ka7 59.
Kxa5 Ka8 60. Ka6 Kb8 61. a5 Ka8 62. Kb6 Kb8 63. a6 Ka8 64. a7 1/2-1/2

[Event "Online Olym Div4 B 2020"]
[Site "chess.com INT"]
[Date "2020.08.02"]
[Round "9.1"]
[Board "3"]
[White "Caruana Pulpan, Oana"]
[Black "Mentile, Lishen"]
[Result "1-0"]
[WhiteTitle "WFM"]
[BlackTitle "WCM"]
[WhiteElo "1901"]
[BlackElo "1513"]
[WhiteTeam "Malta"]
[BlackTeam "Namibia"]
[WhiteFideId "5600502"]
[BlackFideId "15200477"]
[EventDate "2020.07.31"]
[EventType "team"]

1. d4 d5 2. Nf3 Nf6 3. g3 Bf5 4. Bg2 e6 5. O-O Be7 6. c4 O-O 7. Nc3 c6 8. b3
Nbd7 9. Bf4 Nb6 10. Ne5 dxc4 11. Nxc4 Nfd5 12. Nxd5 Nxd5 13. Bd2 Bf6 14. e4 Bxd4
15. Ba5 Nb6 16. Bxb6 axb6 17. exf5 Bxa1 18. Qxd8 Raxd8 19. Rxa1 exf5 20. Nxb6
Rd2 21. Nc4 Rc2 22. Nd6 b6 23. Nxf5 Kh8 24. Nd4 Rd2 25. Nxc6 Rc8 26. b4 g6 27.
a4 Re8 28. Bf1 Kg7 29. a5 bxa5 30. bxa5 Rc8 31. Bg2 Re8 32. Bf3 Rc8 33. a6 Rc2
34. a7 Kf6 35. a8=Q Rxa8 36. Rxa8 Rc1+ 37. Kg2 Rc2 38. Ra6 Kg7 39. Ra7 Kf8 40.
Ne5 f6 41. Nd7+ Ke8 42. Nxf6+ 1-0

[Event "Online Olym Div4 B 2020"]
[Site "chess.com INT"]
[Date "2020.08.02"]
[Round "9.1"]
[Board "4"]
[White "Horn, Caro"]
[Black "Mazkevich, Elena"]
[Result "0-1"]
[WhiteElo "1097"]
[BlackElo "1686"]
[WhiteTeam "Namibia"]
[BlackTeam "Malta"]
[WhiteFideId "15200884"]
[BlackFideId "5603315"]
[EventDate "2020.07.31"]
[EventType "team"]

1. e4 c5 2. Nf3 Nc6 3. d4 cxd4 4. Nxd4 d6 5. Nc3 g6 6. Be3 Bg7 7. Bb5 Bd7 8. O-O
Nf6 9. Nxc6 bxc6 10. Bc4 O-O 11. Qc1 c5 12. Bh6 Bc6 13. Re1 Rb8 14. Rb1 Qd7 15.
Bxg7 Kxg7 16. Qd1 Rb4 17. Bd5 Rfb8 18. e5 Nxd5 19. Nxd5 Rd4 20. e6 fxe6 21.
Qxd4+ cxd4 22. Nf4 e5 23. Nd3 Qg4 24. g3 Qh3 25. f3 Bxf3 26. Rf1 Qg2# 0-1

[Event "Online Olym Div4 B 2020"]
[Site "chess.com INT"]
[Date "2020.08.02"]
[Round "9.1"]
[Board "5"]
[White "Mizzi, Jack"]
[Black "Ndahangwapo, Heskiel"]
[Result "1/2-1/2"]
[WhiteElo "1911"]
[BlackElo "1883"]
[WhiteTeam "Malta"]
[BlackTeam "Namibia"]
[WhiteFideId "5602521"]
[BlackFideId "15202020"]
[EventDate "2020.07.31"]
[EventType "team"]

1. d4 Nf6 2. c4 c5 3. d5 b5 4. cxb5 a6 5. e3 g6 6. Nf3 Bg7 7. Nc3 O-O 8. Be2 d6
9. O-O Qc7 10. bxa6 Bxa6 11. Bxa6 Rxa6 12. Re1 Nbd7 13. Qe2 Raa8 14. h3 Rfb8 15.
e4 Ne8 16. Nd1 Nb6 17. Nd2 c4 18. Nb1 Nf6 19. f4 Nfd7 20. Nbc3 Nc5 21. Nf2 Bd4
22. Be3 Bxe3 23. Qxe3 Nba4 24. Nxa4 Rxa4 25. Qc3 Qb6 26. b3 cxb3 27. axb3 Rxa1
28. Rxa1 Nxe4 29. Qf3 Nxf2 30. Qxf2 Qxf2+ 31. Kxf2 Rxb3 32. Ra7 Kf8 33. Ra8+ Kg7
34. Ra7 Kf6 35. g4 h6 36. h4 Rd3 37. g5+ hxg5 38. hxg5+ Kf5 39. Rxe7 Kxf4 40.
Rxf7+ Kxg5 41. Ke2 Rxd5 42. Ke3 Rf5 43. Rg7 d5 44. Kd4 Kh5 45. Rh7+ Kg4 46. Rg7
g5 47. Ke3 Kh4 48. Rh7+ Kg3 49. Rg7 g4 50. Ke2 Kh2 51. Rxg4 Kh3 52. Rg8 Rf7 53.
Ke3 1/2-1/2

[Event "Online Olym Div4 B 2020"]
[Site "chess.com INT"]
[Date "2020.08.02"]
[Round "9.1"]
[Board "6"]
[White "Horn, Lure"]
[Black "Stagno, Milena"]
[Result "0-1"]
[WhiteElo "1116"]
[BlackElo "1486"]
[WhiteTeam "Namibia"]
[BlackTeam "Malta"]
[WhiteFideId "15200728"]
[BlackFideId "5602289"]
[EventDate "2020.07.31"]
[EventType "team"]

1. e4 c5 2. Nf3 Nc6 3. d4 cxd4 4. Nxd4 g6 5. Nc3 Bg7 6. Be3 Nf6 7. Nxc6 bxc6 8.
Bc4 e6 9. Bg5 Qc7 10. Qf3 Qe5 11. Bf4 Qc5 12. Bb3 O-O 13. O-O d5 14. e5 Nd7 15.
Rfe1 Qe7 16. Qg3 c5 17. Nb5 c4 18. Ba4 Nc5 19. b3 cxb3 20. axb3 Ne4 21. Qe3 Qb7
22. Rad1 Bd7 23. Nd6 Nxd6 24. exd6 Bxa4 25. bxa4 Rfe8 26. Qc5 Rac8 27. Qa3 Qd7
28. a5 Rxc2 29. Qb3 Rc6 30. Qb5 e5 31. Rxd5 exf4 32. Re3 fxe3 33. Rc5 e2 0-1